Буровые машины и механизмы: учебное пособие

Sonraí bibleagrafaíochta
Príomhchruthaitheoir: Рябчиков С. Я. Сергей Яковлевич
Údar corparáideach: Томский политехнический университет
Achoimre:К 100-летию геологического образования в Сибири (1901-2001 гг.)
Teanga:Rúisis
Foilsithe / Cruthaithe: Томск, Изд-во ТПУ, 1999
Ábhair:
Formáid: LEABHAR
KOHA link:https://koha.lib.tpu.ru/cgi-bin/koha/opac-detail.pl?biblionumber=13259

MARC

LEADER 00000nam0a2200000 4500
001 13259
005 20231101204858.0
035 |a (RuTPU)RU\TPU\book\13341 
035 |a BOOK00013408 
090 |a 13259 
100 |a 20011209d1999 m y0rusy50 ca 
101 0 |a rus 
102 |a RU 
105 |a y j 010zy 
200 1 |a Буровые машины и механизмы  |e учебное пособие  |f С. Я. Рябчиков  |g Томский политехнический университет 
210 |a Томск  |c Изд-во ТПУ  |d 1999 
215 |a 107 с. 
300 |a К 100-летию геологического образования в Сибири (1901-2001 гг.) 
606 |a Буровые механизмы  |2 stltpush  |3 (RuTPU)RU\TPU\subj\30581  |9 53671 
610 1 |a горное дело 
610 1 |a буровое оборудование 
610 1 |a буровые машины 
610 1 |a учебные пособия 
675 |a 622.24.05(075.8)  |v 3 
700 1 |a Рябчиков  |b С. Я.  |g Сергей Яковлевич 
712 0 2 |a Томский политехнический университет  |2 stltpush  |3 (RuTPU)RU\TPU\col\376 
801 0 |a RU  |b 63413507  |c 20011209  |g PSBO 
801 2 |a RU  |b 63413507  |c 20201118  |g PSBO 
900 |a Буровые машины и механизмы 
900 |a Расчет и конструирование машин и оборудования для бурения 
942 |c BK